000 00520nam a2200169 i 4500
001 58666
003 ES-MaACL
005 20230906163847.0
007 t|
008 031023s1924 it ||||1| ita d
100 1 _aEbray, Alcide.
_946478
245 1 3 _aLa paix malpropre (Versailles) pour la reconciliation par la verite /
_cAlcide Ebray.
260 _aMilano :
_b[s.n.],
_c1924 (
_fStampa periodica)
300 _aXVI, 399 p. ;
_c24 cm.
630 0 4 _aTratado de Versalles (
_d1919)
_9155228
852 _aES-MaACL
_jB-5288
999 _c58666
_d58666